|
|
|
|
| LEADER |
00738nab a2200217 i 4500 |
| 001 |
misc64000 |
| 005 |
20220926121130.0 |
| 008 |
220805s1923 hu o 0|| hun d |
| 040 |
|
|
|a SZTE Miscellanea Repozitórium
|b hun
|
| 041 |
|
|
|a hun
|
| 100 |
1 |
|
|a Németh Gyula
|
| 245 |
1 |
0 |
|a Törökök és magyarok
|h [elektronikus dokumentum] /
|c Németh Gyula
|
| 260 |
|
|
|c 1923
|
| 300 |
|
|
|a p. 176-178.
|c 30 cm
|
| 490 |
0 |
|
|a Napkelet
|
| 561 |
|
|
|a Németh Gyula hagyaték
|
| 591 |
|
|
|a NOA 4163
|
| 650 |
|
4 |
|a Bölcsészettudományok
|
| 650 |
|
4 |
|a Történettudomány és régészet
|
| 695 |
|
|
|a Kapcsolatok - török-magyar, Művelődéstörténet - Törökország
|
| 856 |
4 |
0 |
|u http://misc.bibl.u-szeged.hu/64000/1/4163_noa_n52.pdf
|z Dokumentum-elérés
|